000 00406nam a22001697a 4500
005 20180811123732.0
008 160628b xxu||||| |||| 00| 0 eng d
020 _a81-7036-129-X
041 _aeng
082 _b10941
_a658.31243
100 _aLynton, rolf P and Pareek, Udai
_94772
245 _aTraining for Development
260 _bSage
300 _a323
650 _aManagement
_9241
942 _cBK
999 _c4512
_d4511